| 000 | 01078nam a2200301 i 4500 | ||
|---|---|---|---|
| 003 | EG-GICUC | ||
| 005 | 20260419103155.0 | ||
| 008 | 260419s1976 gw ||||fr|||| 00| 0 ger d | ||
| 040 |
_aEG-GiCUC _bger _cEG-GiCUC _dEG-GiCUC _erda |
||
| 041 |
_ager _hger |
||
| 082 | 0 | 4 |
_221 _a341.48 _bST.D |
| 092 | 0 | 4 | _221 |
| 099 | _aLaw1 11 341.48 ST.D 1976 | ||
| 100 | 1 |
_aStavropoulos , Konstantin _eAuthor. |
|
| 245 |
_aDas Verbot der Folter und der unmenschlichen oder erniedrigenden Behandlung oder Strafe im gegen-wärtigen Völkerrecht; insbesondere nach Art. 3 der Europäischen Menschenrechts-Konvention / _cKonstantin Stavropoulos . |
||
| 264 |
_aRuprecht : _bUniversität zu Heidelberg , _c1976 . |
||
| 300 |
_a139 pages , _c24 cm |
||
| 336 |
_2rda content _atext |
||
| 337 |
_2rda media _aComputer |
||
| 338 |
_2rda carrier _aOnline Resource |
||
| 546 | _a Text in German | ||
| 650 | 1 | _aInternationales Recht | |
| 650 | 1 | _aMenschenrechte | |
| 651 | 1 | _2qrmak | |
| 856 | 4 | 0 | _uhttps://fll.law.cu.edu.eg/fulltext/bks/B11-09683.pdf |
| 905 | _a60 | ||
| 942 |
_2ddc _cBK _e21 _n0 |
||
| 999 |
_c71805 _d71805 |
||